Proceeding of Application of Space And Modern Technology in Agriculture and Environment (Record no. 210966)
[ view plain ]
| 000 -LEADER | |
|---|---|
| fixed length control field | 00753nam a22002417a 4500 |
| 005 - DATE AND TIME OF LATEST TRANSACTION | |
| control field | 20250416110822.0 |
| 010 ## - LCCN (DPL NO) | |
| LC control number | ENG-144635 |
| 020 ## - INTERNATIONAL STANDARD BOOK NUMBER | |
| Terms of availability | 1850.00 |
| International Standard Book Number | 9789384335359 |
| 035 ## - SYSTEM CONTROL NUMBER | |
| System control number | EN-128167 |
| 037 ## - SOURCE OF ACQUISITION | |
| Source of stock number/acquisition | DBAD |
| 082 ## - DEWEY DECIMAL CLASSIFICATION NUMBER | |
| Classification number | 541.089 |
| 100 ## - MAIN ENTRY--PERSONAL NAME | |
| Personal name | Swain, Chandra Kishore |
| 245 ## - TITLE STATEMENT | |
| Title | Proceeding of Application of Space And Modern Technology in Agriculture and Environment |
| Statement of responsibility, etc | Kishore Chandra Swain |
| 250 ## - EDITION STATEMENT | |
| Edition statement | 1 |
| 260 ## - PUBLICATION, DISTRIBUTION, ETC. (IMPRINT) | |
| Place of publication, distribution, etc | Delhi |
| Name of publisher, distributor, etc | Mukund Publication |
| Date of publication, distribution, etc | 2022 |
| 270 ## - ADDRESS | |
| Address | E-11/5, Krishana Nagar, |
| City | Delhi |
| Postal code | 110051 |
| 300 ## - PHYSICAL DESCRIPTION | |
| Extent | 368 p. |
| Dimensions | 22(hb) |
| 700 ## - ADDED ENTRY--PERSONAL NAME | |
| Personal name | Ashish Kumar Chatterjee |
| 9 (RLIN) | 80612 |
| 700 ## - ADDED ENTRY--PERSONAL NAME | |
| Personal name | Pulak Kumar Patra |
| 9 (RLIN) | 80613 |
| 700 ## - ADDED ENTRY--PERSONAL NAME | |
| Personal name | P. Kandasamy |
| 9 (RLIN) | 80614 |
| 760 ## - MAIN SERIES ENTRY | |
| Edition | 1 |
| 942 ## - ADDED ENTRY ELEMENTS (KOHA) | |
| Source of classification or shelving scheme | Dewey Decimal Classification |
| Item type | English Books |
| Classification part | 541.089 |
| Call number suffix | SWA |
| Edition | 1 |
| Withdrawn status | Lost status | Not for loan | Collection code | Home library | Current library | Date acquired | Source of acquisition | Cost, normal purchase price | Full call number | Barcode | Copy number | Cost, replacement price | Koha item type |
|---|---|---|---|---|---|---|---|---|---|---|---|---|---|
| Not For Loan | Non-fiction | D.B.Act.Division | D.B.Act.Division | 16/04/2025 | DBAD | 1850.00 | 541.089 SWA | EN-128167 | 1 | 1850.00 | English Books |
